Expresiones del futuro. Cómo se comunicarán las próximas generaciones
Gardado en:
| Autor Principal: | |
|---|---|
| Formato: | Unknown |
| Publicado: |
Madrid, España:
Ediciones Morata,
2018.
|
| Subjects: | |
| Tags: |
Engadir etiqueta
Sen Etiquetas, Sexa o primeiro en etiquetar este rexistro!
|
MARC
| LEADER | 00000 a2200000 4500 | ||
|---|---|---|---|
| 003 | CL-VaPUC | ||
| 005 | 20220718115535.0 | ||
| 008 | 220707t2018 ||||| |||| 00| 0 eng d | ||
| 999 | |c 436308 |d 436306 | ||
| 020 | |a 978-84-7112-866-9 | ||
| 040 | |c Pontificia Universidad Católica de Valparaíso | ||
| 082 | 7 | |a 371.33 LAC 2018 |2 22 | |
| 100 | |a Lacasa, Pilar |9 572287 |e autora | ||
| 245 | |a Expresiones del futuro. |b Cómo se comunicarán las próximas generaciones | ||
| 260 | |a Madrid, España: |b Ediciones Morata, |c 2018. | ||
| 300 | |a 364 páginas. | ||
| 583 | |k Cristina María Rojas Aguilar |c 20220707 | ||
| 650 | |a Tecnología educativa |9 872587 | ||
| 650 | |a Internet en la enseñanza |9 857229 | ||
| 942 | |2 ddc |c BK | ||
| 952 | |0 0 |1 0 |2 ddc |4 0 |6 371_330000000000000_LAC_2018 |7 0 |8 A |9 584507 |a BIBTEO |b BIBTEO |c GEN |d 2022-07-07 |e 62 |g 23375.17 |i 5652696 |o 371.33 LAC 2018 |p 5652696 |r 2025-01-17 |t 1 |v 23375.17 |w 2022-07-07 |y BK |k ICR | ||